The leadership pill : (Record no. 345206)
[ view plain ]
| 000 -LEADER | |
|---|---|
| fixed length control field | 00682 a2200193 4500 |
| 020 ## - INTERNATIONAL STANDARD BOOK NUMBER | |
| International Standard Book Number | 0743257146 |
| 020 ## - INTERNATIONAL STANDARD BOOK NUMBER | |
| International Standard Book Number | 9780743257145 |
| 090 ## - LOCALLY ASSIGNED LC-TYPE CALL NUMBER (OCLC); LOCAL CALL NUMBER (RLIN) | |
| -- | 2715 |
| -- | 2715 |
| 100 1# - MAIN ENTRY--PERSONAL NAME | |
| Personal name | Blanchard, Ken. |
| 245 14 - TITLE STATEMENT | |
| Title | The leadership pill : |
| Remainder of title | the missing ingredient in motivating people today / |
| Statement of responsibility, etc. | Ken Blanchard. |
| 260 ## - PUBLICATION, DISTRIBUTION, ETC. | |
| Place of publication, distribution, etc. | [S.l.] : |
| Name of publisher, distributor, etc. | Simon & Schuster Ltd, |
| Date of publication, distribution, etc. | 2004. |
| 300 ## - PHYSICAL DESCRIPTION | |
| Extent | 113 p. ; |
| Dimensions | 22 cm. |
| 500 ## - GENERAL NOTE | |
| General note | Import. |
| 500 ## - GENERAL NOTE | |
| General note | Hardcover. |
| 700 1# - ADDED ENTRY--PERSONAL NAME | |
| Personal name | Muchnick, Marc. |
| 856 40 - ELECTRONIC LOCATION AND ACCESS | |
| Materials specified | Amazon.com |
| Uniform Resource Identifier | <a href="http://www.amazon.com/exec/obidos/ASIN/0743257146/chopaconline-20">http://www.amazon.com/exec/obidos/ASIN/0743257146/chopaconline-20</a> |
| 856 40 - ELECTRONIC LOCATION AND ACCESS | |
| Materials specified | Amazon customer reviews |
| Uniform Resource Identifier | <a href="http://www.chopac.org/cgi-bin/tools/azrev.pl?q=0743257146">http://www.chopac.org/cgi-bin/tools/azrev.pl?q=0743257146</a> |
| 942 ## - ADDED ENTRY ELEMENTS (KOHA) | |
| Institution code [OBSOLETE] | NBS |
| Koha item type | Book |
| Call number prefix | 658.4092 MUC |
| Withdrawn status | Lost status | Damaged status | Not for loan | Permanent Location | Current Location | Date acquired | Total Checkouts | Full call number | Barcode | Date last seen | Price effective from | Koha item type |
|---|---|---|---|---|---|---|---|---|---|---|---|---|
| Central Library (CL) | Central Library (CL) | 08/28/2013 | 658.4092 MUC | NBS6346 | 10/30/2024 | 08/28/2013 | Book |
